Normal view
MARC view
Entry Topical Term
001 - CONTROL NUMBER
- control field: 12101
003 - CONTROL NUMBER IDENTIFIER
- control field: dpl
005 - DATE AND TIME OF LATEST TRANSACTION
- control field: 20100813100650.0
008 - FIXED-LENGTH DATA ELEMENTS
- fixed length control field: 100813|||a|||||| | ||| d
040 ## - CATALOGING SOURCE
- Original cataloging agency: dpl
- Transcribing agency: dpl
150 ## - HEADING--TOPICAL TERM
- Topical term or geographic name as entry element: Temperament
670 ## - SOURCE DATA FOUND
- Source citation: Work cat.: (dpl)40692: Chopra, Divya 12098, Personality plus /, 2010
670 ## - SOURCE DATA FOUND
- Source citation: Work cat.: (dpl)40692: Chopra, Divya 12098, Personality plus /, 2010
